| 000 | 00702nam a2200229Ia 4500 | ||
|---|---|---|---|
| 003 | OSt | ||
| 005 | 20250521150909.0 | ||
| 008 | 220927b |||||||| |||| 00| 0 hin d | ||
| 020 | _a9789352210640 | ||
| 037 | _cTextual | ||
| 040 |
_aSDCL _cSDCL _bhin |
||
| 041 |
_2hin _ahin |
||
| 084 | _aO152,1M96:g Q5 | ||
| 100 |
_aKhare, Rekha _9403436 |
||
| 245 | 0 | _aNirala ki kavitayen aur kavyabhasha | |
| 246 | _aनिराला की कविताएं और काव्यभाषा | ||
| 260 |
_aNew Delhi : _bLokbharati Prakashan, _c2015. |
||
| 300 | _a208p. | ||
| 650 |
_aHindi _9391598 |
||
| 942 |
_cTEXL _2CC _n0 |
||
| 999 |
_c719233 _d719233 |
||